Γενεαλογίες της κοινωνιολογίας : τα κείμενα που διαμόρφωσαν την κοινωνιολογική σκέψη από τον Machiavelli μέχρι τον Parsons

Saved in:
Bibliographic Details
Main Author: Μαραγκουδάκης, Μανούσος Ε.
Format: Book
Language:Greek
Published: Αθήνα : Προπομπός, c2021.
Edition:2η έκδ. αναθ. και συμπλ.
Subjects:
Tags: Add Tag
No Tags, Be the first to tag this record!

MARC

LEADER 00000cam a2200000 a 4500
001 1/124545
008 220321s2021####gr | ||| |||| ||gre||
020 |a 9786185036836 
040 |a GR-MyUa  |b gre  |c GR-MyUa  |e AACR2 
041 0 |a gre 
082 7 |a 301.01   |2 (23) 
100 1 |a Μαραγκουδάκης, Μανούσος Ε. 
245 1 0 |a Γενεαλογίες της κοινωνιολογίας :   |b τα κείμενα που διαμόρφωσαν την κοινωνιολογική σκέψη από τον Machiavelli μέχρι τον Parsons /   |c Μανούσος Μαραγκουδάκης.  
250 |a 2η έκδ. αναθ. και συμπλ. 
260 |a Αθήνα :   |b Προπομπός,   |c c2021.  
300 |a 718 σ. ;   |c 29 εκ.  
504 |a Περιλαμβάνει βιβλιογραφικές παραπομπές.  
650 0 |a Sociology  |x History. 
650 0 |a Sociology  |x Philosophy. 
852 |a INST  |b RHODES  |c EUDOXUS  |e 20220321  |h 301.01 ΜΑΡ  |p 005400042683  |q 005400042683  |t EDX  |y 0 
920 |a Εύδοξος   |b Επιστροφή  |y Ρόδος  |z 2022-03 
970 |z 21-03-2022